=LDR 00000nam 2200000 4500 =001 NUTBA000000000001333 =005 20140422154312.0 =006 =007 =008 =035 ##$$a 0010-041400000000603 =082 ##$$a 372 =100 ##$$a m. taufiq $t ayo mengurutkan benda =245 ##$$a ayo mengurutkan benda =260 ##$$a Jakarta $b pt citra aji parama $c 2012 =300 ##$$a 32 hlm. $b illus $c 29 cm =850 ##$$a NBPBMAT =990 ##$$a 21194751/BPAP-NTB/2014 =990 ##$$a 0001/BPAP-NTB/20142014